LEADER 01156nam a2200241 4500 001 000000346253 003 CaOOAMICUS 005 20210531105554.0 008 210526s1939 fr 000 u fre r 040 $aSeMil$bita 100 1 $aRasio, Stéphane.$0(OLS)http://semarc/name/113982 245 10$aDiscours de la méthode economique /$cStéphane Rasio et correspondance avec M. Pierre Quesnay. 264 1$aManosque :$bImprimerie artisanale Antoine Rico,$c1939. 300 $a74 p. ;$c19 cm 500 $aIn mezzo al front.: chez l'auteur à Gréoux-Les-Bains (B.-A.) 650 4$aEconomia - Teorie - Storia.$0(OLS)http://semarc/subject/1044 700 1 $aQuesnay, Pierre.$0(OLS)http://semarc/name/113984 850 $aSeMil 852 $aSeMil$W1$xVenegono$y1$m5A III 9/4$j226536$B237321$CSeMilBibl$Z2$F237321 $81 961 $aCon biglietto e dedica autografa dell'autore (Stéphane Rasio) al card. Alfredo Ildefonso Schuster 996 $6245$aDiscours de la méthode economique$9(OLS)http://semarc/title/435456 996 $6264$aManosque :$bImprimerie artisanale Antoine Rico$9(OLS)http://semarc/publisher/59849 LEADER 00862nam a2200229 i 4500 001 000000053821 003 CaOOAMICUS 005 20070523000000.0 008 070523s1987 it u000 u ita u 013 $a24993 040 $aSeMil$bita 100 1 $aBernhard, Thomas <1931->.$0(OLS)http://semarc/name/26626 245 12$aL'imitatore di voci /$cThomas Bernhard. 260 $aMilano :$bAdelphi,$ccopyr. 1987. 300 $a165 p. ;$c18 cm. 490 0 $aPiccola Biblioteca Adelphi ;$v207 830 0$aPiccola biblioteca Adelphi ;$v207.$0(OLS)http://semarc/title/7074 850 $aSeMil 852 $aSeMil$W1$xVenegono$y1$m1W I 741$j270865$B19975$CSeMilBibl$Z2$F19977 $81 961 $aOmaggio: Agenzia internazionale 996 $6245$aL'imitatore di voci$9(OLS)http://semarc/title/83044 996 $6260$aMilano :$bAdelphi$9(OLS)http://semarc/publisher/30018